000 00411nmm a2200145Ia 4500
008 251105s9999||||xx |||||||||||||||||und||
041 _aspa
100 _aMuñoz Machado, Santiago
245 0 _aSepúlveda, cronista del emperador
264 _a[Madrid, España] :
_bEdhasa,
_c2012
300 _a912 páginas
650 _aBiography
856 _uhttps://public.digitaliapublishing.com/a/30897
942 _cCF
999 _c104611
_d104611